[Event "Platonov Memorial 2012"]
[Site "Rockville USA"]
[Date "2012.07.31"]
[Round "4.2"]
[White "Gulko, B."]
[Black "Mihalcisin, A."]
[Result "1/2-1/2"]
[WhiteElo "2532"]
[BlackElo "2513"]
[PlyCount "33"]
[EventDate "2012.07.28"]
[SourceDate "1999.07.01"]

1. d4 d5 2. c4 dxc4 3. Nf3 a6 4. e3 b5 5. a4 Bb7 6. axb5 axb5 7. Rxa8 Bxa8 8.
b3 e6 9. bxc4 bxc4 10. Bxc4 Nf6 11. O-O Bd6 12. Nbd2 O-O 13. Qc2 Nbd7 14. e4
Be7 15. Bd3 h6 16. Nb3 c5 17. dxc5 1/2-1/2